000 00803nam a2200217Ii 4500
003 JO-AjNU
008 230605s9999||||xx |||||||||||||| ||und||
017 _a2004/7/1677
040 _aJO-AjNU
_bara
_erda
_cJO-AjNU
041 _aara
050 1 4 _aLB1028.43.M366 2004
100 3 _aالمقابلة،محمد قاسم,
_eauthor
_927747
245 0 0 _aنظم المعلومات الإدارية وعلاقتها بوظائف العملية الإدارية وتطبيقاتها التربوية
250 _aط1
264 3 1 _aإربد:عالم الكتب الحديث،2004
300 _a224ص
336 _atext
_btxt
_2rdacontent
337 _aunmediated
_bn
_2rdamedia
338 _avolume
_bnc
_2rdacarrier
650 4 _aإدارة أعمال-نظم المعلومات الادارية
_927748
999 _aA10680
_c14248
_d14248